| 000 | nam a22 7a 4500 | ||
|---|---|---|---|
| 999 |
_c29887 _d29887 |
||
| 008 | 181008b xxu||||| |||| 00| 0 eng d | ||
| 020 | _a9780321291506 | ||
| 050 | _aREF PE 1408 .R18 2006 | ||
| 100 | _aRamage D John | ||
| 245 |
_aThe Allan and Bacon guide to writing/ _cJohn D.Ramage |
||
| 250 | _a4th ed. | ||
| 260 |
_aUSA: _bLongman, _c2006. |
||
| 300 |
_axxxv, 848p. ; _bIncludes bibliographical references and index. _c26 cm |
||
| 650 | _aEnglish language- Rhetoric-Handbooks, manuals etc. | ||
| 700 | _aJohn C. Bean | ||
| 942 |
_2lcc _cREF_BOOK _hREF PE 1408 .R18 2006 |
||